01377nam a2200205 a 450000100100000000500170001000800410002704000250006808200220009310000370011524501160015225000110026826000460027930000450032550000630037050505740043359000270100795201200103499900170115400003748520200930080407.0120420s1978 sp a 000 0 spa d aDO-SdBNPbspacBNPHU axxxxbB562a, 19781 aBetancourt, Samuel Romero96392813aLa administración de personal y su aplicación práctica en la empresa moderna /cSamuel Romero Betancourt. a2a ed. aMéxico :bEditorial Continental,c1978. a126 p. :bil., diagrs., tablas ;c23 cm. aIncluye datos biográficos del autor en la contracubierta0 aLa influencia de la administración técnica del personal en la empresa moderna --tPosiciones y funciones del departamento de personal --tEl análisis de puestos operativos --tEl análisis de puestos ejecutivos --tLa valuación de puestos: antecedentes y el método de puntos --tReclutamiento y selección técnica de personal --tAdiestramiento y capacitación de trabajadores --tPlaneación de un programa de capacitacién para ejecutivos --tCalificación de méritos --tLas relaciones humanas en la empresa --tLa motivación de los ejecutivos. aInventariado, 2019 /LP 001050718MOaGRbGRcHDd2012-04-20iLF1l0oxxxx B562a, 1978p37485-10r2020-06-25w2020-06-25y1ZNo se presta c36975d36975